Missing Word: Game Night Quiz Stats

Quiz Updated Apr 8, 2015

Challenge
Share
Tweet
Embed
Score 0/16 Timer 04:00
1 Play Today
Show Missing Word % Correct
____ and LaddersChutes
96.6%
Dungeons and ____Dragons
95.8%
Mouse ____Trap
92.1%
Hungry Hungry ____Hippos
87.6%
The ____ of LifeGame
87.6%
Don't ____ the IceBreak
85.1%
Hi! ____ Cherry-OHo!
80.6%
Cards ____ HumanityAgainst
69.6%
Show Missing Word % Correct
Ticket to ____Ride
69.6%
Scotland ____Yard
69.3%
Don't ____ DaddyWake
56.2%
_____ of CatanSettlers
49.6%
A Game of ____Thrones
48%
Magic: The ____Gathering
44.7%
____ BornesMille
23.4%
____ 10Phase
19.9%

Today's Daily Dose

Missing Word
NPR Programs

Quick Pick
1991 Events

On This Day
June 18th II

You're not logged in!

Compare scores with friends on all Sporcle quizzes.
Join for Free
OR
Log In

You Might Also Like...

Show Comments

Extras

Top Quizzes Today


Score Distribution

Your Account Isn't Verified!

In order to create a playlist on Sporcle, you need to verify the email address you used during registration. Go to your Sporcle Settings to finish the process.

Report this User

Report this user for behavior that violates our Community Guidelines.

Details: